Seinfeld Phrases Match-Up Quiz Stats

Quiz Updated Jan 14, 2015

Also try: Seinfeldisms
Challenge
Share
Tweet
Score 0/24 Timer 05:00
2 Plays Today
% Correct
Soup
98%
Yadda
93.9%
Bubble
92.6%
Puffy
92.5%
Hello
91.6%
Vandelay
89.8%
Close
87.6%
Hoochie
87.6%
Vegetable
86%
Man
85.4%
Serenity
83.3%
Get
79.6%
% Correct
Stopping
78.9%
Bad
77.9%
Anti
77.1%
Urban
77%
Dating
75.1%
Happy
74.3%
Red
73.9%
Magic
71.5%
Massage
67.5%
Hipster
62.4%
Jimmy
61.5%
Delicate
49.7%

You're not logged in!

Compare scores with friends on all Sporcle quizzes.
Sign Up with Email
OR
Log In

You Might Also Like...

Show Comments

Extras

Top Quizzes Today


Score Distribution

Your Account Isn't Verified!

In order to create a playlist on Sporcle, you need to verify the email address you used during registration. Go to your Sporcle Settings to finish the process.